[Event "TCh-CHN 2018"]
[Site "China CHN"]
[Date "2018.08.23"]
[Round "13.3"]
[Board "5"]
[White "Muzychuk, Anna"]
[Black "Xiao, Yiyi"]
[Result "1/2-1/2"]
[WhiteTitle "GM"]
[BlackTitle "WFM"]
[WhiteElo "2564"]
[BlackElo "2295"]
[WhiteTeam "Shandong Jingzhi Team"]
[BlackTeam "Tianjin Team"]
[WhiteFideId "14111330"]
[BlackFideId "8606161"]
[EventDate "2018.04.11"]

1. e4 e5 2. Nf3 Nc6 3. Bb5 Nf6 4. d3 Bc5 5. O-O Nd4 6. Be3 Nxf3+ 7. Qxf3 Bxe3 8.
Qxe3 c6 9. Bc4 O-O 10. Bb3 d6 11. Nd2 Nh5 12. d4 Qf6 13. dxe5 dxe5 14. Rad1 Bg4
15. f3 Be6 16. Nc4 Nf4 17. g3 b5 18. Na5 Bh3 19. Rf2 Rad8 20. Re1 Ng6 21. Nb7
Rb8 22. Nc5 a5 23. a4 Rfd8 24. f4 exf4 25. gxf4 Qh4 26. Nd3 Re8 27. axb5 cxb5
28. Qa7 Qf6 29. Re3 a4 30. e5 Qe7 31. Bxf7+ Kxf7 32. Qxe7+ Rxe7 33. Rxh3 b4 34.
e6+ Ke8 35. f5 Nf8 36. Rh4 Reb7 37. Rc4 a3 38. bxa3 bxa3 39. Ra4 g6 40. Rxa3
gxf5 41. Rxf5 Nxe6 42. Ra6 Nd4 43. Re5+ Kf8 44. Rf6+ Kg8 45. Rc5 Rg7+ 46. Kf2
Re8 47. Nf4 Rb7 48. Rc4 Rd7 49. Rc5 Rb7 50. Rd6 Nb5 51. Re6 Rf8 52. Ke3 Nd4 53.
Rg5+ Kh8 54. Ng6+ hxg6 55. Kxd4 Rd7+ 56. Ke3 Rc8 57. Rg2 Kh7 58. Kf3 Rf7+ 59.
Ke4 Rfc7 60. Rgxg6 Rxc2 61. Rh6+ 1/2-1/2

[Event "TCh-CHN 2018"]
[Site "China CHN"]
[Date "2018.08.23"]
[Round "13.4"]
[Board "1"]
[White "Liu, Zhaoqi"]
[Black "Ni, Hua"]
[Result "0-1"]
[BlackTitle "GM"]
[WhiteElo "2286"]
[BlackElo "2683"]
[WhiteTeam "Hebei sports lottery chess team"]
[BlackTeam "China Mobil Shanghai Chess Club"]
[WhiteFideId "8609381"]
[BlackFideId "8601160"]
[EventDate "2018.04.11"]

1. c4 e5 2. Nc3 Bb4 3. g3 Bxc3 4. bxc3 d6 5. Bg2 Ne7 6. e4 Nbc6 7. Ne2 h5 8. h3
h4 9. g4 g5 10. d4 Ng6 11. Be3 b6 12. Ng1 f6 13. Nf3 Qe7 14. Nd2 Na5 15. Bf1 Qf7
16. Bd3 O-O 17. O-O Ba6 18. Qe2 Rfe8 19. f3 c6 20. Rfe1 Kg7 21. Rad1 Rac8 22.
Rc1 Rc7 23. Rc2 Rec8 24. Rec1 Nb7 25. Qf1 Nd8 26. d5 Nb7 27. Nb3 Qe8 28. Kh2 Nf8
29. Qe2 Kf7 30. Kg2 Nd7 31. Qf1 cxd5 32. cxd5 Bxd3 33. Qxd3 Ndc5 34. Bxc5 Nxc5
35. Nxc5 Rxc5 36. c4 Ra5 37. Kf2 Rcc5 38. a3 Qc8 39. Rc3 Ra4 40. R1c2 Rca5 41.
Qe3 Qa6 42. f4 Rxa3 43. fxg5 Rxc3 44. Qxc3 Ra3 45. Qb4 Qa4 46. Qxa4 Rxa4 47.
gxf6 Kxf6 48. Rc3 Kg5 49. Rf3 Rxc4 50. Rf7 Rc2+ 51. Kf3 Rc3+ 52. Kg2 Rg3+ 53.
Kh2 a5 54. Rd7 Rb3 55. Rxd6 Rb2+ 56. Kg1 a4 57. Re6 a3 58. Rxe5+ Kg6 59. Re6+
Kf7 0-1

[Event "TCh-CHN 2018"]
[Site "China CHN"]
[Date "2018.08.23"]
[Round "13.4"]
[Board "2"]
[White "Wan, Yunguo"]
[Black "Harikrishna, Pentala"]
[Result "0-1"]
[WhiteTitle "GM"]
[BlackTitle "GM"]
[WhiteElo "2529"]
[BlackElo "2729"]
[WhiteTeam "Hebei sports lottery chess team"]
[BlackTeam "China Mobil Shanghai Chess Club"]
[WhiteFideId "8603189"]
[BlackFideId "5007003"]
[EventDate "2018.04.11"]

1. e4 e5 2. Nf3 Nc6 3. Bc4 Nf6 4. d3 Bc5 5. O-O O-O 6. c3 d5 7. exd5 Nxd5 8.
Nbd2 Nb6 9. Bb5 Bd6 10. Re1 Bg4 11. h3 Bd7 12. Ne4 a6 13. Nxd6 cxd6 14. Bc4 Na5
15. Bb3 Nxb3 16. axb3 Bc6 17. d4 e4 18. d5 Nxd5 19. Nd4 Re8 20. Qg4 Bd7 21. Qg3
Qf6 22. Bg5 Qg6 23. Kh2 Re5 24. Bf4 Nxf4 25. Qxf4 Rae8 26. Re3 Rg5 27. Rg3 Rxg3
28. Qxg3 Qf6 29. Rd1 h6 30. Nc2 Re5 31. Ne3 Rg5 32. Qxd6 Qxf2 33. Qxd7 Qxe3 34.
Rg1 Qf4+ 35. Kh1 b5 36. Re1 Kh7 37. Qd4 f5 38. Qe3 Qxe3 39. Rxe3 Rg6 40. c4 Rc6
41. Rc3 g5 42. c5 a5 43. Kg1 Kg6 44. Rc1 Kf6 45. Kf2 Ke5 0-1

[Event "TCh-CHN 2018"]
[Site "China CHN"]
[Date "2018.08.23"]
[Round "13.4"]
[Board "3"]
[White "Balogh, Csaba"]
[Black "Lou, Yiping"]
[Result "1/2-1/2"]
[WhiteTitle "GM"]
[BlackTitle "IM"]
[WhiteElo "2629"]
[BlackElo "2473"]
[WhiteTeam "Hebei sports lottery chess team"]
[BlackTeam "China Mobil Shanghai Chess Club"]
[WhiteFideId "718939"]
[BlackFideId "8603928"]
[EventDate "2018.04.11"]

1. e4 e6 2. d4 d5 3. Nc3 Nf6 4. e5 Nfd7 5. Nce2 c5 6. c3 Nc6 7. Nf3 Qb6 8. a3
Be7 9. h4 O-O 10. Nf4 cxd4 11. cxd4 f6 12. Nxe6 Rf7 13. Nf4 fxe5 14. dxe5 Ndxe5
15. Nxe5 Nxe5 16. Be3 Bc5 17. Nxd5 Bxe3 18. Nxb6 Bxf2+ 19. Kd2 axb6 20. Qb3 Bf5
21. Qd5 Bg3 22. Bb5 Rc8 23. Rhf1 Rc2+ 24. Kd1 Rc5 25. Qd8+ Rf8 26. Qxf8+ Kxf8
27. Rxf5+ Ke7 28. a4 Bxh4 29. Rh5 Bf6 30. Rxh7 Ng4 31. Ra3 Bxb2 32. Rg3 Nh6 33.
Rg6 Nf5 34. Rxb6 Nd6 35. Bd3 Bf6 36. Be2 Rd5+ 37. Kc2 Rc5+ 38. Kd1 Rd5+ 39. Kc2
Rc5+ 40. Kd1 1/2-1/2

[Event "TCh-CHN 2018"]
[Site "China CHN"]
[Date "2018.08.23"]
[Round "13.4"]
[Board "4"]
[White "Ju, Wenjun"]
[Black "Danielian, Elina"]
[Result "1-0"]
[WhiteTitle "GM"]
[BlackTitle "GM"]
[WhiteElo "2568"]
[BlackElo "2426"]
[WhiteTeam "China Mobil Shanghai Chess Club"]
[BlackTeam "Hebei sports lottery chess team"]
[WhiteFideId "8603006"]
[BlackFideId "13300210"]
[EventDate "2018.04.11"]

1. d4 Nf6 2. c4 e6 3. g3 Bb4+ 4. Bd2 Be7 5. Bg2 d5 6. Nf3 O-O 7. O-O c6 8. Qb3
b6 9. Nc3 Bb7 10. Rfd1 Nbd7 11. Rac1 Rc8 12. Bf4 Nh5 13. Be3 Nhf6 14. h3 h6 15.
Ne5 Nxe5 16. dxe5 Nd7 17. f4 Bc5 18. Bxc5 Nxc5 19. Qa3 a5 20. cxd5 cxd5 21. Nb5
Ba6 22. Nd6 Rc7 23. Qe3 f5 24. b3 g5 25. Kh2 Rg7 26. Bf3 Kh7 27. Rg1 Rfg8 28.
Bh5 Qe7 29. Rcf1 Bb7 30. g4 gxf4 31. Qxf4 d4 32. Qxd4 Bc6 33. Qf4 Qh4 34. Qg3
Qxg3+ 35. Rxg3 Ne4 36. Bf7 Rf8 37. Nxe4 fxe4 38. Bg6+ Kg8 39. Rxf8+ Kxf8 40. Rc3
Bb7 41. Bh5 Rg5 42. Rc7 Ba6 43. e3 Rxe5 44. Rh7 Be2 45. Rxh6 b5 46. Kg3 a4 47.
bxa4 bxa4 48. Rh8+ Kg7 49. Ra8 Bd1 50. Ra7+ Kh8 51. Bg6 Rb5 52. h4 Rb2 53. h5 1-0

[Event "TCh-CHN 2018"]
[Site "China CHN"]
[Date "2018.08.23"]
[Round "13.4"]
[Board "5"]
[White "Ni, Shiqun"]
[Black "Zhai, Mo"]
[Result "1/2-1/2"]
[WhiteTitle "WGM"]
[BlackTitle "WGM"]
[WhiteElo "2436"]
[BlackElo "2352"]
[WhiteTeam "China Mobil Shanghai Chess Club"]
[BlackTeam "Hebei sports lottery chess team"]
[WhiteFideId "8608466"]
[BlackFideId "8600201"]
[EventDate "2018.04.11"]

1. e4 c6 2. Nc3 d5 3. Nf3 dxe4 4. Nxe4 Nf6 5. Nxf6+ exf6 6. Bc4 Bd6 7. Qe2+ Qe7
8. Qxe7+ Bxe7 9. O-O Be6 10. Bb3 Na6 11. d4 Nb4 12. c3 Nd5 13. Re1 O-O-O 14. Nd2
Rhe8 15. Nc4 c5 16. Ne3 cxd4 17. Bxd5 Bxd5 18. cxd4 Bc6 19. Nf5 Bb4 20. Rxe8
Rxe8 21. Be3 g6 22. Ng3 f5 23. Bf4 Kd7 24. f3 Ba5 25. Kf2 Bb6 26. Rd1 Bb5 27.
Be3 h5 28. f4 Rc8 29. Ne2 Rc2 30. Rd2 Rxd2 31. Bxd2 Bxe2 32. Kxe2 Bxd4 33. b3
Ke6 34. Kd3 Kd5 35. Be1 Bc5 36. Bc3 Bd6 37. Ke3 g5 38. fxg5 Bxh2 39. Kf3 b5 40.
g3 Bg1 41. Kf4 Ke6 42. Bb4 Bd4 43. Bd2 Be5+ 44. Kf3 Kd5 45. Be1 a6 46. Bd2 Kd4
47. a4 Kd3 48. Bf4 Bc3 49. axb5 axb5 50. Bd6 Bd2 51. Bf4 Be1 52. Bd6 Bd2 53. Bf4
Bb4 54. Be5 Kc2 55. Kf4 Kxb3 56. Kxf5 Be7 57. Bf6 Bd6 58. Be5 Be7 59. Bf6 Bc5
60. Be5 Kc2 61. Kf6 Be3 62. Kxf7 Bxg5 63. Kg6 Bd2 64. Kxh5 b4 65. g4 b3 66. g5
Bc3 67. Bxc3 Kxc3 68. g6 b2 69. g7 b1=Q 70. g8=Q Qh1+ 71. Kg6 Qg2+ 72. Kf7 Qxg8+
73. Kxg8 1/2-1/2

[Event "TCh-CHN 2018"]
[Site "China CHN"]
[Date "2018.08.23"]
[Round "13.5"]
[Board "1"]
[White "Yu, Yangyi"]
[Black "Ganguly, Surya Shekhar"]
[Result "1-0"]
[WhiteTitle "GM"]
[BlackTitle "GM"]
[WhiteElo "2764"]
[BlackElo "2615"]
[WhiteTeam "Beijing Beiao team"]
[BlackTeam "Chongqing Team"]
[WhiteFideId "8603820"]
[BlackFideId "5002150"]
[EventDate "2018.04.11"]

1. d4 Nf6 2. c4 e6 3. g3 d5 4. Bg2 Bb4+ 5. Nd2 O-O 6. Nf3 dxc4 7. Qc2 b5 8. a4
Bb7 9. axb5 a6 10. bxa6 Rxa6 11. Rxa6 Bxa6 12. O-O Nc6 13. Rd1 Nxd4 14. Nxd4
Qxd4 15. Ne4 Qb6 16. Nxf6+ gxf6 17. Bh6 Rb8 18. Qe4 Bf8 19. Qg4+ Kh8 20. Qh4
Qxb2 21. Be4 Bxh6 22. Qxh6 f5 23. Rb1 Qxb1+ 24. Bxb1 Rxb1+ 25. Kg2 Rb8 26. Kf3
Kg8 27. Qf6 Rb3+ 28. Kf4 c3 29. Kg5 Kf8 30. Qd8+ Kg7 31. Qd4+ e5 32. Qxe5+ Kf8
33. Qxc7 Kg7 34. Qe5+ Kg8 35. Qe8+ Kg7 36. Qc6 Bb7 37. Qf6+ Kf8 38. Qd8+ Kg7 39.
Qd4+ 1-0

[Event "TCh-CHN 2018"]
[Site "China CHN"]
[Date "2018.08.23"]
[Round "13.5"]
[Board "2"]
[White "Li, Chao b"]
[Black "Zeng, Chongsheng"]
[Result "1-0"]
[WhiteTitle "GM"]
[BlackTitle "GM"]
[WhiteElo "2703"]
[BlackElo "2535"]
[WhiteTeam "Beijing Beiao team"]
[BlackTeam "Chongqing Team"]
[WhiteFideId "8604436"]
[BlackFideId "8603847"]
[EventDate "2018.04.11"]

1. d4 Nf6 2. c4 e6 3. Nc3 Bb4 4. Nf3 b6 5. e3 Bb7 6. Bd3 O-O 7. O-O d5 8. cxd5
exd5 9. Bd2 a6 10. Ne5 Bd6 11. f4 c5 12. Be1 Nc6 13. Bf2 Nb4 14. Bb1 Rc8 15. Qf3
Rc7 16. a3 Nc6 17. g4 Na5 18. g5 Ne4 19. Nxe4 dxe4 20. Bxe4 Bxe4 21. Qxe4 cxd4
22. exd4 Nc4 23. Nxc4 Rxc4 24. Rac1 b5 25. Rxc4 bxc4 26. d5 Qb8 27. Bd4 Re8 28.
Qf3 Qb3 29. Qc3 Qb5 30. Qf3 Qb3 31. Qxb3 cxb3 32. Rc1 Bxf4 33. Rc6 h5 34. gxh6
gxh6 35. Rxa6 Re1+ 36. Kg2 Rd1 37. Ra4 Rd3 38. Rc4 f6 39. Bxf6 Be3 40. Rc3 Rd2+
41. Kf3 Bg1 42. Ke4 Kf7 43. Rf3 Kg6 44. Bc3 Rd1 45. h3 Bc5 46. Rd3 Rb1 47. d6
Bb6 48. Kd5 Kf7 49. Rf3+ Ke8 50. Ke4 1-0

[Event "TCh-CHN 2018"]
[Site "China CHN"]
[Date "2018.08.23"]
[Round "13.5"]
[Board "3"]
[White "Fang, Yan"]
[Black "Zhou, Weiqi"]
[Result "0-1"]
[WhiteTitle "IM"]
[BlackTitle "GM"]
[WhiteElo "2424"]
[BlackElo "2597"]
[WhiteTeam "Beijing Beiao team"]
[BlackTeam "Chongqing Team"]
[WhiteFideId "8604746"]
[BlackFideId "8601674"]
[EventDate "2018.04.11"]

1. d4 g6 2. c4 Bg7 3. Nc3 c5 4. Nf3 cxd4 5. Nxd4 Nc6 6. e3 Nf6 7. Be2 O-O 8. O-O
d5 9. cxd5 Nxd5 10. Nxc6 bxc6 11. Na4 Bf5 12. f3 Nb6 13. Nc3 Nd5 14. Na4 Be6 15.
e4 Nb6 16. Nc3 Nc4 17. Qc2 Na3 18. bxa3 Qd4+ 19. Kh1 Qxc3 20. Qxc3 Bxc3 21. Rb1
Bxa2 22. Rb7 e5 23. Bh6 Rfd8 24. Rc1 Bd2 25. Bxd2 Rxd2 26. Bf1 Be6 27. Kg1 Ra2
28. Rc5 Rd8 29. Rb1 Rdd2 30. Ra5 Rac2 31. Rxe5 c5 32. f4 Kg7 33. h3 h6 34. g4
Rc3 35. Re1 Kf6 36. g5+ hxg5 37. Rxg5 Bxh3 38. Bxh3 Rxh3 39. Rxc5 Rg3+ 40. Kh1
Rxa3 41. Rc6+ Kg7 42. Rc7 Rh3+ 43. Kg1 Rg3+ 44. Kh1 Rf2 45. Rxa7 Rxf4 46. Ra2
Rh3+ 47. Kg2 Rfh4 48. Ra7 Rh2+ 49. Kg3 Kh6 50. Kf3 R2h3+ 51. Kg2 f6 52. e5 f5
53. e6 Kg5 54. Raa1 Rh2+ 55. Kg1 Rh1+ 56. Kg2 R4h2+ 57. Kf3 Rh3+ 58. Kg2 R1h2+
59. Kg1 f4 60. Rf1 Kg4 61. e7 Re2 62. Rfe1 Rhe3 63. Kf1 f3 64. Rxe2 fxe2+ 0-1

[Event "TCh-CHN 2018"]
[Site "China CHN"]
[Date "2018.08.23"]
[Round "13.5"]
[Board "4"]
[White "Lei, Tingjie"]
[Black "Wang, Yu A."]
[Result "1-0"]
[WhiteTitle "GM"]
[BlackTitle "IM"]
[WhiteElo "2457"]
[BlackElo "2303"]
[WhiteTeam "Chongqing Team"]
[BlackTeam "Beijing Beiao team"]
[WhiteFideId "8605114"]
[BlackFideId "8601097"]
[EventDate "2018.04.11"]

1. e4 e5 2. Nf3 Nc6 3. Nc3 Nf6 4. Bb5 Nd4 5. Ba4 Bc5 6. Nxe5 O-O 7. Nd3 Bb6 8.
e5 Ne8 9. Ne2 Qh4 10. Ng3 d6 11. c3 Bg4 12. f3 Nf5 13. Nf2 Nxg3 14. hxg3 Qxg3
15. d4 Bf5 16. Bc2 Qg6 17. Bxf5 Qxf5 18. Qd3 Qxd3 19. Nxd3 dxe5 20. Nxe5 Nd6 21.
Nd7 Rfe8+ 22. Kf2 Re7 23. Nxb6 axb6 24. Bf4 Nc4 25. Rhe1 Rxe1 26. Kxe1 Re8+ 27.
Kf1 c6 28. b3 Ne3+ 29. Kf2 Nd5 30. Bd2 f5 31. c4 Nf6 32. a4 Kf7 33. Bf4 h6 34.
Bc7 Nd7 35. Re1 Rxe1 36. Kxe1 Ke6 37. Ke2 b5 38. axb5 cxb5 39. Ke3 bxc4 40. bxc4
g5 41. d5+ Ke7 42. Kd4 b6 43. Bg3 Kf6 44. Bd6 h5 45. Bc7 f4 46. Bd8+ Kf5 47. d6
g4 48. Kd5 g3 49. Bh4 Nb8 50. Be7 Nd7 51. Bd8 Ne5 52. Bxb6 h4 53. Bd4 h3 54.
gxh3 g2 55. c5 Nxf3 56. Bf2 Ng5 57. c6 Nxh3 58. c7 1-0

[Event "TCh-CHN 2018"]
[Site "China CHN"]
[Date "2018.08.23"]
[Round "13.5"]
[Board "5"]
[White "Tan, Zhongyi"]
[Black "Wang, Jue"]
[Result "1-0"]
[WhiteTitle "GM"]
[BlackTitle "WGM"]
[WhiteElo "2513"]
[BlackElo "2367"]
[WhiteTeam "Chongqing Team"]
[BlackTeam "Beijing Beiao team"]
[WhiteFideId "8603642"]
[BlackFideId "8604070"]
[EventDate "2018.04.11"]

1. d4 Nf6 2. c4 e6 3. Nc3 Bb4 4. Nf3 d5 5. Qa4+ Nc6 6. e3 O-O 7. Bd2 Re8 8. Qc2
a6 9. Rd1 dxc4 10. Bxc4 Bd6 11. O-O b5 12. Be2 Bb7 13. a3 e5 14. d5 Ne7 15. e4
Ng6 16. Rfe1 Rc8 17. Qb3 h6 18. Be3 Ng4 19. Na2 Nxe3 20. Qxe3 Qe7 21. b4 c6 22.
dxc6 Rxc6 23. g3 Bc7 24. Nc3 Bb6 25. Qd3 Rcc8 26. Bf1 Red8 27. Nd5 Bxd5 28. exd5
Qd6 29. Rd2 Rc4 30. Qf5 Rc3 31. Bd3 Qf6 32. Nxe5 Qxf5 33. Bxf5 Nxe5 34. Rxe5 g6
35. Bg4 Rd6 36. Re7 Kf8 37. Rb7 h5 38. Bd7 Rc7 39. Rb8+ Kg7 40. Bc6 Ba7 41. Ra8
Re7 42. Kf1 f5 43. Re2 Rc7 44. Ree8 f4 45. gxf4 Rf7 46. Rg8+ Kh7 47. Rh8+ Kg7
48. Rag8+ Kf6 49. Be8 Rg7 50. Rf8+ Ke7 51. Bc6 Rf6 52. Ra8 Bd4 53. Rhe8+ Kf7 54.
Re4 1-0

[Event "TCh-CHN 2018"]
[Site "China CHN"]
[Date "2018.08.23"]
[Round "13.6"]
[Board "1"]
[White "Cheparinov, Ivan"]
[Black "Xiang, Zeyu"]
[Result "1-0"]
[WhiteTitle "GM"]
[WhiteElo "2711"]
[BlackElo "2435"]
[WhiteTeam "Shenzhen Longgang Chess association"]
[BlackTeam "Hangzhou Turbine Team"]
[WhiteFideId "2905540"]
[BlackFideId "8608547"]
[EventDate "2018.04.11"]

1. e4 e5 2. Nf3 Nc6 3. d4 exd4 4. Nxd4 Nf6 5. Nxc6 bxc6 6. e5 Qe7 7. Qe2 Nd5 8.
h4 a5 9. g3 Ba6 10. c4 Nb6 11. b3 a4 12. Bg2 Qe6 13. O-O d5 14. Nd2 Be7 15. Nf3
Qg4 16. Bf4 O-O 17. Qd1 axb3 18. axb3 dxc4 19. bxc4 Bxc4 20. Nd4 Qxd1 21. Rfxd1
Rxa1 22. Rxa1 Ra8 23. Rxa8+ Nxa8 24. Nxc6 Bc5 25. Na5 Nb6 26. Nxc4 Nxc4 27. Bd5
Nb6 28. Bb3 Kf8 29. h5 h6 30. Kg2 Ke7 31. Bd2 Bd4 32. f4 f6 33. exf6+ Bxf6 34.
Bb4+ Ke8 35. Kf3 Nd7 36. Ba4 Kd8 37. g4 Be7 38. Bd2 Nf6 39. Bc2 Bd6 40. Bg6 Ke7
41. g5 hxg5 42. fxg5 Ng8 43. Bc3 Kf8 44. Bd3 Be7 45. Kg4 Nf6+ 46. Kh4 Ne8 47.
Bh7 Nd6 48. Kg4 Kf7 49. Bb1 Bf8 50. Ba2+ Ke7 51. Kf4 Ke8 52. Bd5 Kd7 53. g6 Ne8
54. Bf7 Nf6 55. h6 Bd6+ 1-0

[Event "TCh-CHN 2018"]
[Site "China CHN"]
[Date "2018.08.23"]
[Round "13.6"]
[Board "2"]
[White "Zhou, Jianchao"]
[Black "Lin, Yi"]
[Result "1-0"]
[WhiteTitle "GM"]
[WhiteElo "2617"]
[BlackElo "2359"]
[WhiteTeam "Shenzhen Longgang Chess association"]
[BlackTeam "Hangzhou Turbine Team"]
[WhiteFideId "8603537"]
[BlackFideId "8609659"]
[EventDate "2018.04.11"]

1. d4 Nf6 2. Nf3 g6 3. Bf4 Bg7 4. c3 O-O 5. h3 c5 6. e3 d5 7. Nbd2 Qb6 8. Qb3
Nc6 9. Qxb6 axb6 10. Bc7 c4 11. Bxb6 Ra6 12. Bc7 b5 13. Ne5 Na7 14. a3 Ne8 15.
Bb8 f6 16. Bxa7 fxe5 17. Bc5 exd4 18. exd4 Nc7 19. Nf3 Ne6 20. Bb4 Nf4 21. Ne5
Bxe5 22. dxe5 Re6 23. O-O-O Rxe5 24. Bc5 Bf5 25. g3 Nd3+ 26. Bxd3 Bxd3 27. Rhe1
Rxe1 28. Rxe1 Be4 29. f4 Kf7 30. Kd2 Ke6 31. Ra1 Ra8 32. g4 Kf7 33. Rg1 Ra6 34.
Bd4 Re6 35. g5 Rc6 36. Ke3 Ke6 37. Be5 Kf5 38. Rg4 Ke6 39. Rh4 Rc8 40. Rxh7 Bf5
41. Kd4 Be4 42. h4 Bf3 43. f5+ Kxf5 44. Rf7+ 1-0

[Event "TCh-CHN 2018"]
[Site "China CHN"]
[Date "2018.08.23"]
[Round "13.6"]
[Board "3"]
[White "Liu, Qingnan"]
[Black "Zou, Chen"]
[Result "1-0"]
[WhiteTitle "GM"]
[BlackTitle "FM"]
[WhiteElo "2538"]
[BlackElo "2384"]
[WhiteTeam "Shenzhen Longgang Chess association"]
[BlackTeam "Hangzhou Turbine Team"]
[WhiteFideId "8603294"]
[BlackFideId "8610959"]
[EventDate "2018.04.11"]

1. e4 c5 2. Ne2 d6 3. g3 Nc6 4. Bg2 g6 5. c3 Bg7 6. d4 cxd4 7. cxd4 Nf6 8. d5
Nb8 9. Nbc3 O-O 10. h3 Na6 11. Be3 Bd7 12. Qd2 Qa5 13. O-O Rfc8 14. a3 Qd8 15.
Nd4 Be8 16. f4 Nd7 17. b3 Nac5 18. Rab1 Nf8 19. Bf2 a6 20. Rfe1 Ncd7 21. Na4 Nc5
22. Nc3 Ncd7 23. Nd1 Rc7 24. Nb2 Nc5 25. e5 Rac8 26. Re2 Bh6 27. exd6 exd6 28.
Rbe1 Bd7 29. Qd1 a5 30. Nc4 Nxb3 31. Nxd6 Nxd4 32. Qxd4 Bg7 33. Qb6 Rb8 34. Re7
Rc2 35. Qxd8 Rxd8 36. Nxf7 Rdc8 37. Nd6 R8c3 38. Rxg7+ Kxg7 39. Bd4+ Kh6 40. g4
g5 41. f5 1-0

[Event "TCh-CHN 2018"]
[Site "China CHN"]
[Date "2018.08.23"]
[Round "13.6"]
[Board "4"]
[White "Zhao, Shengxin"]
[Black "Zhang, Xiaowen"]
[Result "1/2-1/2"]
[WhiteTitle "WFM"]
[BlackTitle "WGM"]
[WhiteElo "2133"]
[BlackElo "2318"]
[WhiteTeam "Hangzhou Turbine Team"]
[BlackTeam "Shenzhen Longgang Chess association"]
[WhiteFideId "8608040"]
[BlackFideId "8603219"]
[EventDate "2018.04.11"]

1. d4 Nf6 2. c4 e6 3. Nf3 d5 4. e3 a6 5. a4 c5 6. cxd5 exd5 7. Be2 Nc6 8. O-O
Bd6 9. dxc5 Bxc5 10. b3 O-O 11. Ba3 Bxa3 12. Nxa3 Qb6 13. Qc2 Bg4 14. Qb2 Ne4
15. Rfd1 Nc5 16. Rxd5 Be6 17. Nc4 Qb4 18. Rdd1 Nxb3 19. Rab1 Bxc4 20. Bxc4 Qxc4
21. Qxb3 Qxb3 22. Rxb3 Rfd8 23. Rdb1 Na5 24. Rb4 Rac8 25. Nd4 Rd7 26. g3 g6 27.
Kg2 Kg7 28. Nb3 Nxb3 29. R1xb3 Rcc7 30. h4 h5 1/2-1/2

[Event "TCh-CHN 2018"]
[Site "China CHN"]
[Date "2018.08.23"]
[Round "13.6"]
[Board "5"]
[White "Zhou, Zirun"]
[Black "Ushenina, Anna"]
[Result "0-1"]
[BlackTitle "GM"]
[WhiteElo "2152"]
[BlackElo "2440"]
[WhiteTeam "Hangzhou Turbine Team"]
[BlackTeam "Shenzhen Longgang Chess association"]
[WhiteFideId "8610975"]
[BlackFideId "14110911"]
[EventDate "2018.04.11"]

1. d4 d5 2. c4 e6 3. Nf3 Nd7 4. e3 Ngf6 5. Nc3 Be7 6. Be2 O-O 7. O-O a6 8. b3 b6
9. cxd5 exd5 10. Bb2 Bd6 11. Qc2 Bb7 12. Rfd1 Qe7 13. Rac1 Rfe8 14. Bf1 Qe6 15.
g3 Rac8 16. Bg2 h6 17. Nd2 Rb8 18. Re1 Kh8 19. Qb1 Ne4 20. Ncxe4 dxe4 21. Nc4
Bb4 22. Red1 f6 23. Bf1 Bf8 24. Ba3 c5 25. dxc5 Nxc5 26. Bxc5 Bxc5 27. b4 Bf8
28. a3 Red8 29. Nd2 a5 30. Bg2 f5 31. Nb3 Qf7 32. Rxd8 Rxd8 33. bxa5 Bxa3 34.
Rd1 Rxd1+ 35. Qxd1 Bd5 36. Nd4 bxa5 37. Bh3 g6 38. Nxf5 Bf8 39. Nh4 Kh7 40. Bg4
Bb3 41. Qd4 a4 42. Qxe4 Kg7 43. Nf3 Qd5 44. Qd4+ Kh7 45. Qa7+ Qf7 46. Qa6 a3 47.
Ne5 Qg7 48. f4 a2 49. Be2 Bb4 50. Bd3 Bc5 51. Bxg6+ Kh8 52. Kf2 Qe7 53. Bd3 Qd6
54. Qa8+ Kg7 55. Qb7+ Qe7 56. Qa6 Bb6 57. Bc4 Bxc4 58. Nxc4 Qa7 0-1

[Event "TCh-CHN 2018"]
[Site "China CHN"]
[Date "2018.08.24"]
[Round "14.1"]
[Board "1"]
[White "Xu, Yinglun"]
[Black "Liu, Qingnan"]
[Result "1-0"]
[WhiteTitle "GM"]
[BlackTitle "GM"]
[WhiteElo "2531"]
[BlackElo "2538"]
[WhiteTeam "Guangdong Ding Xin High Tech Team"]
[BlackTeam "Shenzhen Longgang Chess association"]
[WhiteFideId "8604940"]
[BlackFideId "8603294"]
[EventDate "2018.04.11"]

1. d4 Nf6 2. c4 e6 3. Nf3 d5 4. Nc3 dxc4 5. Qa4+ c6 6. Qxc4 b5 7. Qd3 Nbd7 8. g3
Qb6 9. Bg2 Ba6 10. Ne4 Rd8 11. Nxf6+ Nxf6 12. Ne5 Rxd4 13. Be3 Qa5+ 14. Bd2
Qxd2+ 15. Qxd2 Bb4 16. Qxb4 Rxb4 17. Nxc6 Rc4 18. b3 Rc5 19. O-O b4 20. Rfc1
Rxc1+ 21. Rxc1 Kd7 22. e3 Rc8 23. Rd1+ Ke8 24. Nxa7 Rc3 25. Nc6 Bd3 26. Nxb4 Be2
27. Re1 Bb5 28. h3 Ke7 29. Rd1 Ne8 30. Rd2 Rc1+ 31. Kh2 Nd6 32. Rc2 Rb1 33. Nc6+
Kf6 34. Rd2 Nb7 35. Ne7 Nc5 36. Ng8+ Kg6 37. Ne7+ Kf6 38. Nc6 h5 39. Nb4 g5 40.
Bf3 Kg6 41. Bd1 f5 42. Bc2 Re1 43. g4 Ne4 44. Bxe4 fxe4 45. a4 Bf1 46. a5 hxg4
47. hxg4 Rb1 48. Ra2 Rc1 49. a6 Rc8 50. a7 Ra8 51. Nc6 Bb5 52. Ne5+ Kf6 53. Nc4
Ke7 54. Nb6 Rh8+ 55. Kg1 Bc6 56. a8=Q Bxa8 57. Rxa8 Rh4 58. Nc4 Rxg4+ 59. Kf1
Rh4 60. Ke2 Kf6 61. Nd2 1-0